Responses for Show #1999 - Thursday, April 22, 1993

Walt Senterfitt game 5.

Contestants

[<< previous game]

Carl Courant, an economist from New York City, New York

Laura Abrahamsen, a Ph.D. candidate originally from Cleveland, Ohio

Walt Senterfitt, a registered nurse from Los Angeles, California (whose 4-day cash winnings total $63,101)

[next game >>]

Jeopardy! Round responses

U.S. GEOGRAPHY
TOYS & GAMES
COLORS
BIOLOGY
THE 1930s
PIG LATIN
    $100 1
the Great Salt Lake

Laura
    $100 2
rummy

Carl
    $100 4
black

Carl
    $100 11
birth

Laura
    $100 21
(Alex: Correct, they beat the Cubs?)

the New York Yankees

Walt
    $100 15
Piglet

Walt
    $200 6
the Rio Grande

Walt
    $200 3
Japan

Carl
    $200 5
sand

Walt
    $200 14
(Walt: What's tendons?)

ligaments

WaltLaura
    $200 23
the minimum wage

Carl
    $200 22
swine flu

Carl
    $300 7
Florida

Walt
    $300 12
the Maori

Carl
    $300 10
Kelly

Walt
    $300 16
the femur

Carl
    $300 25
(Laura: What is Munich?)
...
(Alex: Munich in '36--Berlin, actually, '36.)

Los Angeles

WaltLaura
    $300 28
pickled pigs' feet

Walt
    $400 8
Cape Hatteras

Walt
    $400 13
a teddy bear

Walt
    $400 18
blue

Walt
    $400 17
spores

Carl
    $400 26
the Volkswagen

Walt
    $400 29
Igpay Atinlay

Carl
    $500 9
Minnesota

Carl
    $500 24
a kaleidoscope

Walt
    $500 20
red & white

Carl
    $500 19
(Laura: What are genes?)

chromosomes

LauraCarl
    $1,000 27
Nicaragua

Walt
    $500 30
when pigs fly

Laura

Scores at the first commercial break (after clue 15):

Walt Laura Carl
$1,700 $400 $1,200

Scores at the end of the Jeopardy! Round:

Walt Laura Carl
$4,700 $100 $3,700

Double Jeopardy! Round responses

WORLD HISTORY
CELEBRITY WOMEN
VICE PRESIDENTS
INDIA
CHINA & POTTERY
LITERATURE
    $200 1
Christopher Columbus

Walt
    $200 8
(Laura: Who is Audrey Hepburn?)
...
(Alex: Yes, Audrey Hepburn played the role on film; [*] was the original on Broadway.)

Julie Andrews

LauraCarl
    $200 7
Lyndon Johnson

Laura
    $200 6
a rupee

Carl
    $200 15
a Christmas tree

Walt
    $200 21
the fence

Carl
    $400 2
(Alex: Sorry, Carl, not quickly enough.)

the Aztecs

Triple Stumper
    $400 16
Ella Fitzgerald

Walt
    $400 10
Spiro Agnew

Carl
    $400 9
Ravi Shankar

Carl
    $400 20
Nancy Reagan

Carl
    $400 22
Sinclair Lewis

Carl
    $600 3
Lafayette

Walt
    $600 17
Helen Hayes

Triple Stumper
    $600 11
(Laura: Who is George Bush?)
(Walt: Who is James Madison?)

John Adams

WaltLaura
Triple Stumper
    $600 14
Sanskrit

Laura
    $600 28
(Madame de) Pompadour

Carl
    $600 23
Fitzgerald

Laura
    $800 4
the Magnificent

Carl
    $800 18
(Laura: Who is Dolly Parton?)

Loretta Lynn

LauraCarl
    $800 12
John Tyler

Walt
    $800 26
Victoria & Albert

Carl
    $800 29
Wedgwood

Walt
    $1,000 24
(Alex: We have about a minute left in the round.)

William Faulkner

Laura
    $1000 5
Uruguay

Walt
    $1000 19
(Walt: Who is Rita Moreno?)
...
(Alex: On Broadway.)

Chita Rivera

WaltCarl
    $2,000 13
Chester A. Arthur

Walt
    $1000 27
Lord Mountbatten

Carl
    $1000 30
a Toby mug

Laura
    $1000 25
Till Eulenspiegel

Walt

Scores at the end of the Double Jeopardy! Round:

Walt Laura Carl
$10,100 $1,900 $10,900

[wagering suggestions for these scores]

Final Jeopardy! Round responses

FORMS OF ADDRESS
(Alex: [To Carl] It goes back to the story of Alexander Graham Bell inventing the telephone, "[*] Watson, come here, I want you.")
LauraWhat is direct address?
$1,900
WaltWhat is Madam?
$10,000
CarlWhat is Doctor Mr?
$9,400
Mr.

Final scores:

Walt Laura Carl
$100 $0 $20,300
2nd place: trip on Delta to Panama City, Florida & stay at Marriott's Bay Point Resort + Jeopardy! home game or computerized version 3rd place: Maytag washer & dryer + Jeopardy! home game or computerized version New champion: $20,300

Game dynamics:

Coryat scores:

Walt Laura Carl
$8,600 $1,700 $10,900
23 R
(including 2 DDs),
3 W
9 R
(including 1 DD),
5 W
25 R,
0 W

Combined Coryat: $21,200

[game clues] [game scores] [suggest correction]

Game tape date: 1992-12-14
The J! Archive is created by fans, for fans. Scraping, republication, monetization, and malicious use prohibited; this site may use cookies and collect identifying information. See terms. The Jeopardy! game show and all elements thereof, including but not limited to copyright and trademark thereto, are the property of Jeopardy Productions, Inc. and are protected under law. This website is not affiliated with, sponsored by, or operated by Jeopardy Productions, Inc. Join the discussion at JBoard.tv.